Т. 59, № 4; Известия вузов. Физика

Dades bibliogràfiques
Parent link:Известия вузов. Физика/ Российская Федерация, Министерство образования и науки ; ФГБОУ ВПО "Национальный исследовательский Томский государственный университет". Т. 59, № 4.— , 1958-
Idioma:rus
Publicat: 2016
Format: Llibre
KOHA link:https://koha.lib.tpu.ru/cgi-bin/koha/opac-detail.pl?biblionumber=563322

MARC

LEADER 00000nam2a2200000 4500
001 563322
005 20231101123433.0
035 |a (RuTPU)RU\TPU\prd\258836 
090 |a 563322 
100 |a 20160602a19589999k y0rusy50 ca 
101 0 |a rus 
102 |a RU 
200 0 |a Т. 59, № 4 
210 |d 2016 
461 1 |0 (RuTPU)RU\TPU\prd\191  |t Известия вузов. Физика  |f Российская Федерация, Министерство образования и науки ; ФГБОУ ВПО "Национальный исследовательский Томский государственный университет"  |v Т. 59, № 4  |d 1958- 
801 0 |a RU  |b 63413507  |c 20010227  |g PSBO 
801 1 |a RU  |b 63413507  |c 20160602 
801 2 |a RU  |b 63413507  |c 20230504  |g RCR 
942 |c BK 
999 |a НТБ_ТПУ  |b НФ  |e -1/20160111  |p П-6307п  |s 6/20151117  |u 0,00  |v 1